Podnikateľský plán vybraného podniku cestovného ruchu bakalárska práca

Saved in:
Bibliographic Details
Main Author: Senčeková, Zuzana
Corporate Author: Obchodná fakulta EU. Katedra služieb a cestovného ruchu - zrušené
Other Authors: Krošláková, Monika, 1975-
Format: Book
Language:Slovak
Published: Bratislava 2015
Tags: Add Tag
No Tags, Be the first to tag this record!

MARC

LEADER 00000nbm a2200000 4500
001 0206535
005 20161212110857.8
041 0 |a slo 
044 |a SK 
245 1 0 |a Podnikateľský plán vybraného podniku cestovného ruchu  |b bakalárska práca  |c Zuzana Senčeková ; školiteľ: Monika Krošláková 
264 1 |a Bratislava  |c 2015 
300 |a 54 s. 
100 1 |a Senčeková, Zuzana 
700 1 |a Krošláková, Monika, 1975- 
710 2 |a Obchodná fakulta EU. Katedra služieb a cestovného ruchu - zrušené